Energy union and its challenges for the competitiveness of the EU members (case of the Slovak Republic)

Salvato in:
Dettagli Bibliografici
Autore principale: Baláž, Peter
Altri autori: Zábojník, Stanislav, 1984-
Natura: Capitolo di libro
Lingua:inglese
Tags: Aggiungi Tag
Nessun Tag, puoi essere il primo ad aggiungerne!!

MARC

LEADER 00000naa$a2200000$$$4500
001 0220164
005 20240531125723.6
041 0 |a eng 
044 |a CN 
245 1 0 |a Energy union and its challenges for the competitiveness of the EU members (case of the Slovak Republic)  |c Peter Baláž, Stanislav Zábojník 
500 |a Abstrakt 
100 1 |a Baláž, Peter 
700 1 |a Zábojník, Stanislav, 1984-